000 00634nam a2200229Ia 4500
003 OSt
005 20221006164712.0
006 a|||||r|||| 00| 0
007 ta
008 221006b |||||||| |||| 00| 0 eng d
024 _a6,764
037 _cTextual
040 _aFML
_cFML
_beng
041 _2eng
_aeng
082 _al12, M9
100 _aAlexander Louis Au.
_9678141
245 0 _aBeyond The Facts
_b A Guide To The Art Of Feature Writing
260 _aDelhi
_bSurjeet Publication India
_c1987
300 _a320
_ccm.
942 _hl12, M9
_cTEXL
_2CC
999 _c1118161
_d1118161